| 000 | 00504 a2200169 4500 | ||
|---|---|---|---|
| 001 | 189467 | ||
| 020 | _a978-85-7631-288-8 | ||
| 040 | _cMagnum | ||
| 100 | _aOliveira, Rafael da Silva | ||
| 240 | 1 | 0 |
_aWortubuku Sranantongo para brasileiros _lSUR |
| 245 | 1 | 0 | _aWortubuku Sranantongo para brasileiros |
| 300 | _a184 | ||
| 362 | 0 | _a2011 | |
| 440 | 1 | _aFundação Alexandre de Gusmão | |
| 697 | _aRELALÇÕES INTERNACIONAIS, POLÍTICA MUNDIAL. POLÍTICA INTERNACIONAL. POLÍTICA EXTERNA | ||
| 942 | _cBK | ||
| 999 |
_c189467 _d189467 |
||